| 000 | 00344nam a2200109Ia 4500 | ||
|---|---|---|---|
| 008 | 200302s9999 xx 000 0 und d | ||
| 100 | _aSchool of Interior Design | ||
| 245 | _aInterior Design Traditions in India Post- Liberlization, 1947-91 | ||
| 260 | _bSid Research Cell School Interior design Publishing | ||
| 260 | _c2007 | ||
| 300 | _a107 P., | ||
| 999 |
_c3184 _d3184 |
||